مكتبة جامعة عجلون الوطنية

فهرس بحث المكتبة

Normal view MARC view
  • لعنة الفراعنة-مصر-تاريخ

Entry Topical Term

Number of records used in: 1

001 - CONTROL NUMBER

  • control field: 15351

003 - CONTROL NUMBER IDENTIFIER

  • control field: JO-AjAnu

005 - DATE AND TIME OF LATEST TRANSACTION

  • control field: 20230606072741.0

008 - FIXED-LENGTH DATA ELEMENTS

  • fixed length control field: 230606|| aca||aabn | a|a d

040 ## - CATALOGING SOURCE

  • Original cataloging agency: JO-AjAnu
  • Transcribing agency: JO-AjAnu

150 ## - HEADING--TOPICAL TERM

  • Topical term or geographic name entry element: لعنة الفراعنة-مصر-تاريخ

670 ## - SOURCE DATA FOUND

  • Source citation: Work cat.: (JO-AjAnu)7882: فاندنبرغ، فيليب؛ ترجمة عيسى، خالد إسعد ، ترجمة سبانو، إحمد غسان, author 15350, لعنة الفراعنة: التفسير العلمي لظاهرة لعنة الفراعنة الغامضة